The magic jar

Bibliographic Details
Main Author: Matilda Xavier
Corporate Author: Title
Other Authors: P.L Ooi
Format: Book
Published: Selangor : Penerbit Idaman , 2005
Series:Tales for pleasure
Subjects:

MARC

LEADER 00000cam a2200000 7i4500
001 0000001433
005 20151222.0
008 070705
020 |a 9832666740(set) 
020 |a 9832666783 
090 0 0 |a JF   |b ENG 
100 0 |a Matilda Xavier 
245 1 0 |a The magic jar   |c Matilda Xavier and P.L Ooi 
260 |a Selangor :   |b Penerbit Idaman ,   |c 2005 
440 |a Tales for pleasure 
500 |a Children ages 10-12 years old (pink) 
650 0 |a Fairy tales 
650 0 |a Junior fiction   |x English   |x Languages 
700 0 |a P.L Ooi 
710 0 |a Title 
999 |a 0000910124   |b Book   |c Teenagers   |e Cawangan Bandar Tenggara 
999 |a 0000965349   |b Book   |c Children Collection   |e Cawangan Muar 
999 |a 0000965350   |b Book   |c Children Collection   |e Cawangan Segamat 
999 |a 0000965351   |b Book   |c Children Collection   |e Cawangan Taman Universiti 
999 |a 0000972898   |b Book   |c Children Collection   |e Cawangan Segamat 
999 |a 0000972899   |b Book   |c Children Collection   |e Cawangan Mersing 
999 |a 0000972901   |b Book   |c Children Collection   |e Cawangan Pontian